Applied mathematics in chemical engineering

Salvato in:
Dettagli Bibliografici
Autori principali: Mickley, Harold S. (autor), Sherwood, Thomas K (Autore), Reed, Charles E (Autore)
Natura: Libro
Lingua:inglese
Pubblicazione: Nueva York McGraw-Hill 1957
Serie:McGraw-Hill Series in Chemical Engineering
Soggetti:
Tags: Aggiungi Tag
Nessun Tag, puoi essere il primo ad aggiungerne!!

MARC

LEADER 00000nam a2200000 a 4500
001 UCU3161
003 CL-VaPUC
008 960502e19570000US |||||||||||||||||eng|d
082 0 4 |a 510  |b MIC  |2 21 
100 |a Mickley, Harold S.  |e autor  |9 359938 
700 0 |a Sherwood, Thomas K  |e author  |9 359939 
700 0 |a Reed, Charles E  |e author  |9 359940 
245 1 0 |a Applied mathematics in chemical engineering 
300 |a 413 p 
942 |c BK 
945 |d 19960502 00:00:00  |a paguirre 
260 |a Nueva York  |b McGraw-Hill  |c 1957 
650 0 |a Matemática  |9 260235 
650 0 |a Química  |9 259896 
650 0 |a Ecuaciones diferenciales  |9 260083 
650 0 |a Cálculo  |9 260234 
583 |a last modification  |c 19960502 00:00:00  |k Rodrigo Vera 
490 0 |a McGraw-Hill Series in Chemical Engineering 
999 |c 247260  |d 247258 
952 |0 0  |1 0  |4 0  |6 510_000000000000000_MIC_1957  |7 0  |8 A  |9 262982  |a BIBING  |b BIBING  |d 2019-11-19  |i 1646680  |o 510 MIC 1957  |p 1646680  |r 2025-01-20  |w 2019-11-19  |y BK  |k EIQ 
952 |0 0  |1 0  |4 0  |6 510_000000000000000_MIC_1957  |7 0  |8 A  |9 262984  |a BIBING  |b BIBING  |d 2019-11-19  |i 1648365  |o 510 MIC 1957  |p 1648365  |r 2025-01-20  |w 2019-11-19  |y BK  |k EIQ